| Tag |
First Indicator |
Second Indicator |
Subfields |
| LEADER |
00000cam a22000001i 4500 |
| 001 |
in00003528821 |
| 005 |
20181105105438.0 |
| 008 |
150424s1796 enkabf 001 0 eng |
| 010 |
|
|
|a 02011781
|
| 035 |
|
|
|a (OCoLC)ocm13966308
|
| 040 |
|
|
|a DLC
|b eng
|c UBY
|d DLC
|d HHG
|d COO
|d KRTAS
|d RBN
|d OCLCF
|d EUW
|d OCLCO
|d OCL
|d OCLCO
|d OCLCA
|d NLC
|d OCLCQ
|d TYC
|d TOZ
|d BOH
|d OCLCO
|d OCLCA
|d FQG
|d OCLCO
|d OCLCQ
|d TXA
|
| 019 |
|
|
|a 1854814
|a 22289794
|a 25975139
|a 34882935
|
| 035 |
|
|
|a (OCoLC)13966308
|z (OCoLC)1854814
|z (OCoLC)22289794
|z (OCoLC)25975139
|z (OCoLC)34882935
|
| 043 |
|
|
|a s-sr---
|
| 050 |
0 |
0 |
|a F2410
|b .S81 1796
|
| 051 |
|
|
|a F2410
|b .S81 Copy 2
|c Copy 2.
|
| 082 |
0 |
4 |
|a 988
|
| 084 |
|
|
|a coll3
|2 local/lacc
|
| 049 |
|
|
|a TXAM
|
| 100 |
1 |
|
|a Stedman, John Gabriel,
|d 1744-1797,
|e author,
|e illustrator.
|
| 245 |
1 |
0 |
|a Narrative, of a five years' expedition, against the revolted Negroes of Surinam, in Guiana, on the wild coast of South America, from the year 1772, to 1777 :
|b elucidating the history of that country, and describing its productions, viz. quadrupedes, birds, fishes, reptiles, trees, shrubs, fruits, & roots; with an account of the Indians of Guiana, & Negroes of Guinea /
|c by Captn. J. G. Stedman ; illustrated with 80 elegant engravings from drawings made by the author.
|
| 246 |
1 |
7 |
|a Narrative of an expedition to Surinam
|
| 264 |
|
1 |
|a London :
|b Printed for J. Johnson, St. Paul's Church Yard, & J. Edwards, Pall Mall,
|c 1796.
|
| 300 |
|
|
|a 2 volumes (xviii, 407 pages, 7 unnumbered pages; iv, 404 pages, 7 unnumbered pages), plates :
|b illustrations, maps ;
|c 28 cm.
|
| 336 |
|
|
|a text
|b txt
|2 rdacontent
|
| 337 |
|
|
|a unmediated
|b n
|2 rdamedia
|
| 338 |
|
|
|a volume
|b nc
|2 rdacarrier
|
| 500 |
|
|
|a The Cushing Library/Area Studies/Africana copy of volume 1 contains a bookseller's description.
|
| 500 |
|
|
|a Includes errata and index in each volume.
|
| 500 |
|
|
|a "List of subscribers names": volume 1, pages [vii]-[xiv].
|
| 500 |
|
|
|a Many plates are unsigned. Among those signed are engraved by William Blake, Francesco Bartolozzi, Thomas Conder, Thomas Holloway, Inigo Barlow, John Perry, Michele Benedetti, and Anker Smith, all based on Stedman's watercolors,
|
| 500 |
|
|
|a Thirteen plates engraved and signed by Blake: v. 1, facing page 80, 110, 132, 166, 174, 200, 326; v. 2. facing page 10, 56, 74, 280, 348, 394. Additionally Blake almost certainly engraved other unsigned plates: v. 1. facing page 227; v. 2 facing page 104, 296.
|
| 510 |
4 |
|
|a Library of Congress. Lessing J. Rosenwald collection,
|c 1835
|
| 545 |
|
|
|a Stedman was a British officer in the Dutch army, sent on an expedition against the Maroons who had escaped slavery and taken up arms against the Dutch colonists in Suriname. He soon grows disgusted with his Dutch commander and the brutal treatment of slaves and rebels. He also grows increasingly sympathetic to the culture he was sent to repress, and fathers a child by an enslaved woman who he attempts to bring back to England. Stedman includes an allegorical engraving of "Europe supported by Africa & America," explaining that "we only differ in colour, but are certainly all created by the same Hand" (volume 1, page 395).
|
| 600 |
1 |
0 |
|a Stedman, John Gabriel,
|d 1744-1797
|x Travel
|z Suriname.
|
| 650 |
|
0 |
|a Slavery
|z Suriname
|v Early works to 1800.
|
| 651 |
|
0 |
|a Suriname
|x Description and travel
|v Early works to 1800.
|
| 651 |
|
0 |
|a Suriname
|x History
|y To 1814.
|
| 650 |
|
0 |
|a Natural history
|z Suriname
|v Pre-Linnean works.
|
| 650 |
|
0 |
|a Indians of South America
|z Guiana
|v Early works to 1800.
|
| 650 |
|
7 |
|a Slavery.
|2 fast
|0 (OCoLC)fst01120426
|
| 650 |
|
7 |
|a Travel.
|2 fast
|0 (OCoLC)fst01155558
|
| 651 |
|
7 |
|a Suriname.
|2 fast
|0 (OCoLC)fst01204607
|
| 650 |
|
2 |
|a Expeditions
|x history.
|0 (DNLM)D005101Q000266
|
| 648 |
|
7 |
|a To 1814
|2 fast
|
| 655 |
|
7 |
|a History.
|2 fast
|0 (OCoLC)fst01411628
|
| 655 |
|
7 |
|a Engravings.
|2 gmgpc
|
| 655 |
|
7 |
|a Engravings
|x Colored.
|2 gmgpc
|
| 655 |
|
7 |
|a Subscription lists (Publishing)
|2 rbpub
|
| 655 |
|
7 |
|a Cancellation (Printing)
|2 rbpri
|
| 700 |
1 |
|
|a Blake, William,
|d 1757-1827,
|e engraver.
|
| 700 |
1 |
|
|a Bartolozzi, Francesco,
|d 1727-1815,
|e engraver.
|
| 700 |
1 |
|
|a Conder, Thomas,
|d 1746 or 1747-1831,
|e engraver.
|
| 700 |
1 |
|
|a Holloway, Thomas,
|d 1748-1827,
|e engraver.
|
| 700 |
1 |
|
|a Barlow, Inigo,
|e engraver.
|
| 700 |
1 |
|
|a Perry, John,
|d active 1791-1809,
|e engraver.
|
| 700 |
1 |
|
|a Benedetti, Michele,
|d 1745-1810,
|e engraver.
|
| 700 |
1 |
|
|a Smith, Anker,
|d 1759-1819,
|e engraver.
|
| 700 |
1 |
|
|a Johnson, Joseph,
|d 1738-1809,
|e issuing body.
|
| 700 |
1 |
|
|a Edwards, James,
|d 1756-1816,
|e issuing body.
|
| 710 |
2 |
|
|a Lessing J. Rosenwald Collection (Library of Congress)
|5 DLC
|
| 994 |
|
|
|a C0
|b TXA
|
| 948 |
|
|
|a cataloged
|b h
|c 2018/11/5
|d c
|e nbehmer
|f 9:16:35 am
|
| 999 |
f |
f |
|s f31d2cd6-26cf-3a1c-b577-02a6e2bf2ef2
|i cfdaaad6-046c-3ccc-a6ce-1a5bdbea3301
|t 0
|
| 952 |
f |
f |
|p noncirc
|a Texas A&M University
|b College Station
|c Cushing Memorial Library & Archives
|d Cushing: Area Studies/Africana (Does not check out)
|t 0
|e F2410 .S81 1796
|h Library of Congress classification
|i unmediated -- volume
|k v.1
|
| 952 |
f |
f |
|p noncirc
|a Texas A&M University
|b College Station
|c Cushing Memorial Library & Archives
|d Cushing: Area Studies/Africana (Does not check out)
|t 0
|e F2410 .S81 1796
|h Library of Congress classification
|i unmediated -- volume
|k v.2
|
| 998 |
f |
f |
|a F2410 .S81 1796
|s v.1-v.2
|t 0
|l Cushing: Area Studies/Africana (Does not check out)
|